000
00292nam a2200121Ia 4500
005
20251222154322.0
008
251222s9999||||xx |||||||||||||| ||spa||
020
_a
950-614-232-7
082
_a
142.3/K21
100
_a
"Kant, Immanuel"
245
0
_a
Crética de la razón pura II
942
_c
LIB
999
_c
33800
_d
33800